LEADER 02640nam 2200673 450 001 9910459735403321 005 20210625001251.0 010 $a3-11-037725-X 010 $a3-11-036448-4 024 7 $a10.1515/9783110364484 035 $a(CKB)3710000000229252 035 $a(EBL)1652314 035 $a(SSID)ssj0001349699 035 $a(PQKBManifestationID)11860912 035 $a(PQKBTitleCode)TC0001349699 035 $a(PQKBWorkID)11403276 035 $a(PQKB)11574625 035 $a(MiAaPQ)EBC1652314 035 $a(DE-B1597)427059 035 $a(OCoLC)890070991 035 $a(OCoLC)891762026 035 $a(DE-B1597)9783110364484 035 $a(Au-PeEL)EBL1652314 035 $a(CaPaEBR)ebr11014007 035 $a(CaONFJC)MIL806072 035 $a(EXLCZ)993710000000229252 100 $a20150210h20142014 uy 0 101 0 $aeng 135 $aurnn#---|u||u 181 $ctxt 182 $cc 183 $acr 200 10$aColloquial Israeli Hebrew $ea corpus-based survey /$fNurit Dekel 210 1$aBerlin, [Germany] ;$aBoston, [Massachusetts] :$cWalter de Gruyter GmbH,$d2014. 210 4$dİ2014 215 $a1 online resource (248 p.) 225 1 $aTrends in Linguistics. Studies and Monographs,$x1861-4302 ;$vVolume 279 300 $aDescription based upon print version of record. 311 0 $a3-11-036449-2 311 0 $a3-11-036178-7 320 $aIncludes bibliographical references and index. 327 $tFront matter --$tContents --$tPreface --$t1. Israeli Hebrew - an introduction --$t2. Israeli Hebrew phonology --$t3. Israeli Hebrew morphology --$t4. Parts of speech --$t5. Syntax --$t6. The correlation between form and meaning --$t7. Discourse structure in Israeli Hebrew --$t8. Appendices --$t9. Bibliography --$tIndex 330 $aThere is no written grammar of Colloquial Israeli Hebrew whatsoever. This book is the first written grammar of the spontaneous language spoken in Israel that describes Colloquial Israeli Hebrew from a synchronic point of view, and that is not a text book based on normative Hebrew rules. 410 0$aTrends in linguistics.$pStudies and monographs ;$vVolume 279. 606 $aHebrew language$xGrammar 606 $aHebrew language$zIsrael 608 $aElectronic books. 615 0$aHebrew language$xGrammar. 615 0$aHebrew language 676 $a492.45 686 $aEM 5800$2rvk 700 $aDekel$b Nurit$01044328 801 0$bMiAaPQ 801 1$bMiAaPQ 801 2$bMiAaPQ 906 $aBOOK 912 $a9910459735403321 996 $aColloquial Israeli Hebrew$92469920 997 $aUNINA LEADER 00947nam a2200265 i 4500 001 991000943219707536 005 20020502181423.0 008 010508s|||| it ||| | ita 020 $a8815073892 035 $ab11440740-39ule_inst 035 $aPRUMB51924$9ExL 040 $aDip. SSSC$bita 100 1 $aPremm, Hanns J.$0526575 245 14$aGli Aztechi /$cHanns J. Prem 260 $aBologna :$bIl mulino,$c2000 300 $a144 p. ;$c21 cm. 490 0 $aUniversale paperbacks Il mulino ;$v372 650 4$aAztechi 907 $a.b11440740$b01-03-17$c01-07-02 912 $a991000943219707536 945 $aLE005 330 PRE02. 01$g1$i2005000127854$lle005$o-$pE0.00$q-$rl$s- $t0$u4$v1$w4$x0$y.i12010819$z09-12-02 945 $aLE021 SOC22C20$g1$i2021000045073$lle021$o-$pE0.00$q-$rl$s- $t0$u0$v0$w0$x0$y.i1162579x$z01-07-02 996 $aAztechi$9819956 997 $aUNISALENTO 998 $ale005$ale021$b01-01-01$cm$da $e-$fita$git $h4$i2